Score 0/10 Timer 00:15
2 Plays Today
% Correct
Marge Simpson
95.1%
Lisa Simpson
95.1%
Bart Simpson
94.8%
Homer Simpson
94.8%
Maggie Simpson
94.5%
Abe (Grandpa) Simpson
89%
Patty Bouvier
84.3%
Selma Bouvier
83.9%
Mona Simpson
67.3%
Santa's Little Helper
63.8%
Remove Ads.
Support Sporcle.
Get the best of Sporcle when you Go Orange. This ad-free experience offers more features, more stats, and more fun while also helping to support Sporcle. Thank you for becoming a member.

You're not logged in!

Compare scores with friends on all Sporcle quizzes.
OR
Log In

Show Comments

Extras

Top Quizzes Today


Score Distribution

Your Account Isn't Verified!

In order to create a playlist on Sporcle, you need to verify the email address you used during registration. Go to your Sporcle Settings to finish the process.

Report this User

Report this user for behavior that violates our Community Guidelines.

Details: